Score 0/24 Timer 06:00
1 Play Today
% Correct
Friends
95%
The Flintstones
94.7%
The Simpsons
94.6%
Sesame Street
93.3%
South Park
92.3%
Family Guy
90.1%
How I Met Your Mother
89.8%
The Walking Dead
87.4%
I Love Lucy
76.2%
Seinfeld
75.1%
Scrubs
73.2%
Hey Arnold!
70%
% Correct
Gilmore Girls
69.7%
Stranger Things
62.9%
Adventure Time
56.5%
Modern Family
55.2%
2 Broke Girls
54.5%
Supernatural
42.6%
Downton Abbey
42.6%
Arrested Development
42.1%
The O.C.
39.3%
Desperate Housewives
28.1%
Call the Midwife
28%
Rocket Power
24.4%
Remove Ads.
Support Sporcle.
Get the best of Sporcle when you Go Orange. This ad-free experience offers more features, more stats, and more fun while also helping to support Sporcle. Thank you for becoming a member.

You're not logged in!

Compare scores with friends on all Sporcle quizzes.
OR
Log In

Sporcle TV

Today on Sporcle TV


Watch our educational content, quiz creation guides, and fun videos on Sporcle TV.

Show Comments

Extras

Top Quizzes Today


Score Distribution

Paid Content

Your Account Isn't Verified!

In order to create a playlist on Sporcle, you need to verify the email address you used during registration. Go to your Sporcle Settings to finish the process.

Report this User

Report this user for behavior that violates our Community Guidelines.

Details: